书目信息 |
| 题名: |
数据、模型与决策
|
|
| 作者: | 弗雷德里克·S·希利尔 著 | |
| 分册: | ||
| 出版信息: | 北京 中国财政经济出版社 2008.05 |
|
| 页数: | 725页 | |
| 开本: | 26cm | |
| 丛书名: | ||
| 单 册: | ||
| 中图分类: | TP399 | |
| 科图分类: | ||
| 主题词: | 计算机应用 | |
| 电子资源: | ||
| ISBN: | 7-5005-5279-3 | |
| 000 | 00793nam0 2200217 450 | |
| 001 | 0854440422 | |
| 005 | 20081212151200.23 | |
| 010 | @a7-5005-5279-3@dCNY75.00 | |
| 100 | @a20081212d2008 km y0chiy0120 ea | |
| 101 | 0 | @achi |
| 102 | @aCN@b110000 | |
| 200 | 1 | @a数据、模型与决策@Ashu ju、mo xing yu jue ce@e运用电子表格建模与案例研究@f(美)弗雷德里克·S·希利尔等著@F(mei)fu lei de li ke·S·xi li er deng zhu |
| 210 | @a北京@c中国财政经济出版社@d2008.05 | |
| 215 | @a725页@d26cm | |
| 300 | @a科学管理篇 | |
| 517 | 1 | @a运用电子表格建模与案例研究@Ayun yong dian zi biao ge jian mo yu an li yan jiu |
| 606 | 0 | @a计算机应用 |
| 690 | @aTP399@v4 | |
| 701 | 0 | @a弗雷德里克·S·希利尔@Afu lei de li ke·S·xi li er@4著 |
| 801 | 0 | @aCN@b山东省滨州职业学院图书馆@c20081212 |
| 905 | @aBZT@dTP399@e1@f5 | |
| 数据、模型与决策:运用电子表格建模与案例研究/(美)弗雷德里克·S·希利尔等著.-北京:中国财政经济出版社,2008.05 |
| 725页;26cm |
| 科学管理篇 |
| ISBN 7-5005-5279-3:CNY75.00 |
| ● |
| 相关链接 |
|
|
|
正题名:数据、模型与决策
索取号:TP399/1
 
预约/预借
| 序号 | 登录号 | 条形码 | 馆藏地/架位号 | 状态 | 备注 |
| 1 | 0690397 | 2000690397 | 样本书库/样006架B面5层2列/ [索取号:TP399/1] | 在馆 | |
| 2 | 0690398 | 2000690398 | 中心书库中库/ 中库026架A面4列6层30/ [索取号:TP399/1] | 在馆 | |
| 3 | 0690399 | 2000690399 | 中心书库中库/ 中库026架A面4列6层28/ [索取号:TP399/1] | 在馆 | |
| 4 | 0690400 | 2000690400 | 中心书库中库/ 中库026架A面4列6层32/ [索取号:TP399/1] | 在馆 | |
| 5 | 0690401 | 2000690401 | 中心书库中库/ 中库026架A面4列6层29/ [索取号:TP399/1] | 在馆 |